UBT Library

Media & culture : (Record no. 1335)

000 -LEADER
fixed length control field 00612nam a22002057a 4500
008 - FIXED-LENGTH DATA ELEMENTS--GENERAL INFORMATION
fixed length control field 151022b xxu||||| |||| 00| 0 eng d
020 ## - INTERNATIONAL STANDARD BOOK NUMBER
International Standard Book Number 0312432046
041 0# - LANGUAGE CODE
Language code of text/sound track or separate title eng
080 ## - UNIVERSAL DECIMAL CLASSIFICATION NUMBER
Universal Decimal Classification number 316.77
100 1# - Rafti
Rafti Campbell, Richard,
245 10 - TITLE STATEMENT
Title Media & culture :
Statement of responsibility, etc Richard Campbell, Christopher R. Martin, Bettina Fabos.
246 3# - VARYING FORM OF TITLE
Title proper/short title Media and culture
250 ## -
-- 5th ed.
260 ## -
-- Boston :
-- Bedford/St. Martins,
-- 2006.
300 ## -
-- xxii, 625 f. :
-- me il.;
-- 28 cm.
650 #0 -
-- Media
650 #0 -
-- Kultura
700 1# -
-- Martin, Christopher R.
942 ## - ADDED ENTRY ELEMENTS (KOHA)
Source of classification or shelving scheme
Item type Books
Holdings
Withdrawn status Lost status Source of classification or shelving scheme Damaged status Not for loan Collection code Permanent location Current location Shelving location Date acquired Total Checkouts Full call number Barcode Date last seen Koha item type
          Koleksioni i përgjithshem UBT - Lipjan UBT - Lipjan Koleksioni i përgjithshem 10/22/2015   316.77 CAM 002-008736 10/22/2015 Books
UBT Library © 2015-2024. All rights reserved University Education for Business and Technology